MARC details
| 000 -LEADER |
| fixed length control field |
01114nmm a2200277 a 4500 |
| 008 - FIXED-LENGTH DATA ELEMENTS--GENERAL INFORMATION |
| fixed length control field |
210621s2020 ua ||||fqsmd||00| 0 eng d |
| 040 ## - CATALOGING SOURCE |
| Original cataloging agency |
EAL |
| Transcribing agency |
EAL |
| 041 ## - LANGUAGE CODE |
| Language code of text/sound track or separate title |
eng |
| Language code of summary or abstract |
ara |
| 090 ## - LOCALLY ASSIGNED LC-TYPE CALL NUMBER (OCLC); LOCAL CALL NUMBER (RLIN) |
| Classification number (OCLC) (R) ; Classification number, CALL (RLIN) (NR) |
CD-6285 |
| 100 1# - MAIN ENTRY--PERSONAL NAME |
| Personal name |
El-Habashy, Hesham Abdel-Fattah Abdel-Mageed. |
| 245 10 - TITLE STATEMENT |
| Title |
Inductionof the growth and increase the productivity of Potato caused by soil salinity stress |
| Medium |
[electronic resource] / |
| Statement of responsibility, etc. |
Hesham Abdel-Fattah Abdel-Mageed El-Habashy |
| 246 15 - VARYING FORM OF TITLE |
| Title proper/short title |
حث النمو و زيادة الإنتاجية فى نبات البطاطس تحت ظروف اجهادات الملوحة |
| 260 ## - PUBLICATION, DISTRIBUTION, ETC. |
| Place of publication, distribution, etc. |
2020. |
| 347 ## - DIGITAL FILE CHARACTERISTICS |
| File type |
text file |
| Encoding format |
PDF |
| 502 ## - DISSERTATION NOTE |
| Dissertation note |
Thesis (Ph.D.) -- Damietta University, 2020. |
| 504 ## - BIBLIOGRAPHY, ETC. NOTE |
| Bibliography, etc. note |
Includes bibliographical references (Leaves 92-125) |
| 538 ## - SYSTEM DETAILS NOTE |
| System details note |
Systems requirements : Adobe Reader |
| 546 ## - Summary in Arabic |
| Language note |
Summary in Arabic |
| 650 #0 - SUBJECT ADDED ENTRY--TOPICAL TERM |
| Topical term or geographic name entry element |
Potatoes |
| General subdivision |
Salinity Stress |
| 650 #0 - SUBJECT ADDED ENTRY--TOPICAL TERM |
| Topical term or geographic name entry element |
Soils, Salts in. |
| 650 #0 - SUBJECT ADDED ENTRY--TOPICAL TERM |
| Topical term or geographic name entry element |
Potatoes |
| General subdivision |
Quality. |
| 650 #0 - SUBJECT ADDED ENTRY--TOPICAL TERM |
| Topical term or geographic name entry element |
Potatoes |
| General subdivision |
Growth. |
| 856 40 - ELECTRONIC LOCATION AND ACCESS |
| Uniform Resource Identifier |
http://nile.enal.sci.eg/thesis/6285.pdf |
| Public note |
Content & Abstract |
| 910 ## - name: |
| User-option data |
name: Mohamed |
| 942 ## - ADDED ENTRY ELEMENTS (KOHA) |
| Source of classification or shelving scheme |
Alphabetical Classification |
| Koha item type |
E-Thesis |